000 00415 a2200169 4500
020 _a9780230521308
024 _a9780230521308
082 _a001.4
090 _c6948
_d6948
100 _aWisker,Gina
245 _aThe Postgraduate Research Handbook.
_cGina Wisker
250 _a2nd.
260 _aLondon
_bPalgrave Macmillan.
_c2008
300 _a428p.
500 _aPaper cover
942 _aNBS
_cBK
_k001.4 WIS
999 _c349284
_d349284